| 000 | 00969nam a2200301 i 4500 | ||
|---|---|---|---|
| 003 | EG-GICUC | ||
| 005 | 20260121101452.0 | ||
| 008 | 251211s1932 fr ||||fr|||| 00| 0 fre d | ||
| 040 |
_aEG-GiCUC _bfre _cEG-GiCUC _dEG-GiCUC _eRda |
||
| 041 | _afre | ||
| 082 | 0 | 4 |
_221 _a341.22 _bLE . S |
| 092 | 0 | 4 | _221 |
| 099 | _aLaw1 11 341.22 LE . S 1932 | ||
| 100 | 1 |
_aLeroy, Maxime _eAuteur |
|
| 245 | 1 | 3 |
_aLa Société Des Nations Guerre Ou Paix? / _cMaxime Leroy. |
| 264 | 1 |
_aparis : _bA. pedone,Editeur، _c1932. |
|
| 300 |
_a235 page ; _c 24 cm. |
||
| 336 |
_2rda contenu _a texte |
||
| 337 |
_2rda medias _aOrdinateur |
||
| 338 |
_2 transporteur rda _a Ressource en ligne |
||
| 504 | _aInclude Bibliographic references | ||
| 546 | _aTexte en français | ||
| 650 | 1 | 4 |
_aSociété des Nations _xDroit international public _2qrmak |
| 651 | 1 | _2qrmak | |
| 856 | 4 | 0 | _uhttps://fll.law.cu.edu.eg/fulltext/bks/B11-05212.pdf |
| 905 |
_a75 _eHassnaa |
||
| 942 |
_2ddc _n0 _cBK _e21 |
||
| 999 |
_c49819 _d49819 |
||